Практический немецкий (Запись № 12495239)

Подробности
000 -МАРКЕР
контрольное поле 03817nam0a2200469 4500
001 - ИДЕНТИФИКАТОР ЗАПИСИ
контрольное поле RU\NLR\BIBL_A\012873015
005 - ИДЕНТИФИКАТОР ВЕРСИИ
контрольное поле 20221108125721.0
010 ## - МЕЖДУНАРОДНЫЙ СТАНДАРТНЫЙ НОМЕР КНИГИ (ISBN)
Номер (ISBN) 978-5-8209-1944-2
Тираж 500
021 ## - НОМЕР ГОСУДАРСТВЕННОЙ РЕГИСТРАЦИИ
Код страны Российская Федерация
Номер КН-П-22-042481
Номер Листа государственной регистраци КН-П-22-3673
035 ## - ДРУГИЕ СИСТЕМНЫЕ НОМЕРА
Идентификатор записи (NLR Aleph) 012873015
035 ## - ДРУГИЕ СИСТЕМНЫЕ НОМЕРА
Идентификатор записи (RuMoRGB)011127955
100 ## - ДАННЫЕ ОБЩЕЙ ОБРАБОТКИ
Данные общей обработки 20220823d2022 u y0rusy50 ca
101 0# - ЯЗЫК РЕСУРСА
Язык текста, звукозаписи и т.д. русский
-- немецкий
102 ## - СТРАНА ПУБЛИКАЦИИ ИЛИ ПРОИЗВОДСТВА
Страна публикации Российская Федерация
105 ## - ПОЛЕ КОДИРОВАННЫХ ДАННЫХ: ТЕКСТОВЫЕ МАТЕРИАЛЫ, МОНОГРАФИЧЕСКИЕ
Кодированные данные о монографическом текстовом документе ac j 000zy
181 #0 - ПОЛЕ КОДИРОВАННЫХ ДАННЫХ: ВИД СОДЕРЖАНИЯ
Код вида содержания (ISBD) i3
Код характеристики содержания (ISBD) axxe
182 #0 - ПОЛЕ КОДИРОВАННЫХ ДАННЫХ: ТИП СРЕДСТВА
Код типа средства (ISBD) n - непосредственное
200 1# - ЗАГЛАВИЕ И СВЕДЕНИЯ ОБ ОТВЕТСТВЕННОСТИ
Основное заглавие Практический немецкий
Сведения, относящиеся к заглавию учебное пособие
-- для студентов высших учебных заведений, обучающихся по направлениям подготовки: 44.03.05 - "Педагогическое образование (с двумя профилями подготовки)", 45.03.01 - "Филология", 45.03.03 - "Фундаментальная и прикладная лингвистика"
-- для студентов третьего курса, изучающих немецкий язык
Первые сведения об ответственности Ю. П. Нечай, Т. Г. Зубова
Последующие сведения об ответственности Министерство науки и высшего образования Российской Федерации, Кубанский государственный университет
203 ## - ВИД СОДЕРЖАНИЯ И ТИП СРЕДСТВА
Вид содержания Текст
Дополнительные сведения об издании визуальный
Тип средства непосредственный
210 ## - ПУБЛИКАЦИЯ, РАСПРОСТРАНЕНИЕ И ДР.
Место издания, распространения и т.д. Краснодар
Имя издателя, распространителя и т. д. Кубанский государственный университет
Дата издания, распространения и т.д. 2022
215 ## - ФИЗИЧЕСКАЯ ХАРАКТЕРИСТИКА
Специфическое обозначение материала и объем 237 с.
Другие сведения о физической характеристике ил., цв. ил., портр.
Размеры 29
300 ## - ОБЩИЕ ПРИМЕЧАНИЯ
Текст примечания На обл.: Practisches Deutsch: 3 / J. Nechay, T. Subowa
300 ## - ОБЩИЕ ПРИМЕЧАНИЯ
Текст примечания В вып. дан. загл.: Practisches Deutsch für das Dritte Studienjahr
320 ## - ПРИМЕЧАНИЯ О НАЛИЧИИ В ДОКУМЕНТЕ БИБЛИОГРАФИИ / УКАЗАТЕЛЯ
Текст примечания Библиогр.: с. 223-224
330 ## - РЕЗЮМЕ ИЛИ РЕФЕРАТ
Текст примечания Учебное пособие, предназначенное для студентов третьего курса, изучающих немецкий язык в качестве первого или второго иностранного языка, включает 8 тематических разделов. В них вошли грамматические и лексические упражнения, а также краткая информация о специфике немецкого менталитета, некоторых народных традициях, этикете и лингвострановедческих особенностях. Адресуется студентам факультетов иностранных языков, а также тем, кто изучает немецкий язык в качестве общеобразовательной дисциплины
512 1# - ЗАГЛАВИЕ ОБЛОЖКИ
Связь между полями z20790
Заглавие обложки Practisches Deutsch
Сведения, относящиеся к заглавию 3
Язык заглавия немецкий
517 1# - ДРУГИЕ ВАРИАНТЫ ЗАГЛАВИЯ
Вариант заглавия Practisches Deutsch für das Dritte Studienjahr
606 1# - НАИМЕНОВАНИЕ ТЕМЫ КАК ПРЕДМЕТ
Наименование темы Немецкий язык
Тематический подзаголовок Учебные издания для педагогов
Системный номер авторитетной/нормативной записи 2424826
Идентификатор авторитетной/нормативной записи RU\NLR\AUTH\661443751
606 1# - НАИМЕНОВАНИЕ ТЕМЫ КАК ПРЕДМЕТ
Наименование темы Немецкий язык
Формальный подзаголовок Учебные издания для высших учебных заведений
Системный номер авторитетной/нормативной записи 1063964
Идентификатор авторитетной/нормативной записи RU\NLR\AUTH\66413315
675 ## - УНИВЕРСАЛЬНАЯ ДЕСЯТИЧНАЯ КЛАССИФИКАЦИЯ (UDC/УДК)
Индекс 811.112.2(075.8)
Издание 4
686 1# - ИНДЕКСЫ ДРУГИХ КЛАССИФИКАЦИЙ
Индекс Ш143.24-93рус329.51
686 1# - ИНДЕКСЫ ДРУГИХ КЛАССИФИКАЦИЙ
Индекс Ш143.24-93рус31
700 #1 - ИМЯ ЛИЦА - ПЕРВИЧНАЯ ОТВЕТСТВЕННОСТЬ
Графика поля Кириллица
Материалы, к которым относится поле rus
Начальный элемент ввода Нечай
Часть имени, кроме начального элемента ввода Ю. П.
Даты 1951-
Расширение инициалов личного имени Юрий Петрович
Системный номер авторитетной/нормативной записи 248257
Идентификатор авторитетной/нормативной записи RU\NLR\AUTH\770248313
701 #1 - ИМЯ ЛИЦА - АЛЬТЕРНАТИВНАЯ ОТВЕТСТВЕННОСТЬ
Графика поля Кириллица
Материалы, к которым относится поле rus
Начальный элемент ввода Зубова
Часть имени, кроме начального элемента ввода Т. Г.
Расширение инициалов личного имени Татьяна Георгиевна
Системный номер авторитетной/нормативной записи 248261
Идентификатор авторитетной/нормативной записи RU\NLR\AUTH\770248317
790 #1 - ИМЯ ЛИЦА - АЛЬТЕРНАТИВНАЯ ФОРМА
Связь между полями z20
Графика поля Латинская
Материалы, к которым относится поле rus
Начальный элемент ввода Nečaj
Часть имени, кроме начального элемента ввода J. P.
Даты 1951-
Расширение инициалов личного имени Jurij Petrovič
Системный номер авторитетной/нормативной записи 248258
Идентификатор авторитетной/нормативной записи RU\NLR\AUTH\770248314
790 #1 - ИМЯ ЛИЦА - АЛЬТЕРНАТИВНАЯ ФОРМА
Связь между полями z20
-- z20512
Графика поля Латинская
Материалы, к которым относится поле rus
Начальный элемент ввода Zubova
Часть имени, кроме начального элемента ввода T. G.
Расширение инициалов личного имени Tat'jana Georgievna
Системный номер авторитетной/нормативной записи 248262
Идентификатор авторитетной/нормативной записи RU\NLR\AUTH\770248318
942 ## - ДОПОЛНИТЕЛЬНЫЕ ЭЛЕМЕНТЫ ЗАПИСИ (АБИС)
Тип экземпляра АБИС Книга
980 ## - КОЛЛЕКЦИЯ
Название коллекции Национальная библиография
Экземпляры
Тип экземпляра Дата поступления Источник поступления Библиотека постоянного хранения Библиотека текущего хранения Место хранения Шифр хранения Штрих-код Статус экземпляра
Книга 23.08.2022 Обязательный экземпляр РНБ (Московский) РНБ (Московский) Русский книжный фонд: издания с 1957 года 2022-8/3019 1-3952599  
Книга 23.08.2022 Обязательный экземпляр РНБ (Московский) РНБ (Московский) Русский книжный фонд: издания с 1957 года 2022-8/3019 1-3952595